Sổ tay về các dân tộc ở việt Nam
Giới thiệu khái quát các thành phần dân tộc trong đại gia đình các dân tộc Việt Nam với quá trình hình thành và kết cấu thành phần dân tộc; Những nét chính về lịch sử, Ktế, văn hoá xã hội của mỗi dân tộc
Tallennettuna:
| Yhteisötekijä: | |
|---|---|
| Aineistotyyppi: | Kirja |
| Kieli: | Vietnamese |
| Julkaistu: |
H.
Khoa học và xã hội
1983
|
| Aiheet: | |
| Tagit: |
Lisää tagi
Ei tageja, Lisää ensimmäinen tagi!
|
| Thư viện lưu trữ: | Mạng thư viện Đại học Đà Nẵng |
|---|
| LEADER | 01440nam a22003498a 4500 | ||
|---|---|---|---|
| 001 | 000009954 | ||
| 003 | 6152 | ||
| 005 | 20111117081121.0 | ||
| 008 | 111104s1983 b 000 0 vieod | ||
| 020 | |c 7500đ |d 5.200b | ||
| 041 | 0 | |a vie | |
| 082 | |a 305.8 |b Sôt | ||
| 084 | |a P51(1) |b S450T | ||
| 110 | |a Viện Dân tộc học. Uy ban khoa học xã hội Việt Nam | ||
| 245 | 1 | 0 | |a Sổ tay về các dân tộc ở việt Nam |c Viện Dân tộc học. Uy ban khoa học xã hội Việt Nam |
| 260 | |a H. |b Khoa học và xã hội |c 1983 | ||
| 300 | |a 248tr |c 21cm | ||
| 520 | |a Giới thiệu khái quát các thành phần dân tộc trong đại gia đình các dân tộc Việt Nam với quá trình hình thành và kết cấu thành phần dân tộc; Những nét chính về lịch sử, Ktế, văn hoá xã hội của mỗi dân tộc | ||
| 653 | |a Dân tộc học | ||
| 653 | |a Việt Nam | ||
| 653 | |a Sổ tay | ||
| 910 | |a Nguyễn Thị Kim Oanh |d 4/11/2011 | ||
| OWN | |a LSP | ||
| AVA | |a UDN50 |b LSP |d 305.8 Sôt |e available |t Error 5001 Not defined in file expand_doc_bib_avail. |f 3 |g 1 |h N |i 0 |k 1 | ||
| 999 | |a From the UDN01 | ||
| AVA | |a UDN50 |b LSP |d 305.8 Sôt |e available |t Error 5001 Not defined in file expand_doc_bib_avail. |f 3 |g 1 |h N |i 0 |k 1 | ||
| TYP | |a Monograph | ||
| TYP | |a Printed language | ||
| 980 | |a Mạng thư viện Đại học Đà Nẵng | ||